Význam ratingu pre kapitálové trhy bakalárska práca

Enregistré dans:
Détails bibliographiques
Auteur principal: Popovičová, Tatiana
Collectivité auteur: Národohospodárska fakulta EU. Katedra financií
Autres auteurs: Alexy, Martin, 1976-
Format: Livre
Langue:slovaque
Publié: Bratislava 2010
Tags: Ajouter un tag
Pas de tags, Soyez le premier à ajouter un tag!

MARC

LEADER 00000nbm a2200000 4500
001 0133264
005 20161109111516.2
041 0 |a slo 
044 |a SK 
245 1 0 |a Význam ratingu pre kapitálové trhy  |b bakalárska práca  |c Tatiana Popovičová ; školiteľ: Martin Alexy 
264 1 |a Bratislava  |c 2010 
300 |a 49 s. 
100 1 |a Popovičová, Tatiana 
700 1 |a Alexy, Martin, 1976- 
710 2 |a Národohospodárska fakulta EU. Katedra financií